S paní ve spaní povídky

Bibliographic Details
Main Author: Horníček, Miroslav, 1918-2003 (Author)
Format: Book
Language:Czech
PhysicalDescription:111 s. 20 cm
Published: Praha Akropolis 1999
Subjects:

MARC

LEADER 00000nam a2200000 a 4500
001 vtls001379523
003 SK-MaSNL
005 20260301011311.0
008 240313s1999 xr c r 0 cze
035 |a SNK000333498 
040 |a SNK  |b slo  |c SNK  |e AACR2 
044 |a xr  |c CZ 
080 |a 885.0-32  |2 1981 
100 1 |a Horníček, Miroslav,  |d 1918-2003  |4 aut  |9 101715 
245 1 |a S paní ve spaní  |b povídky  |c Miroslav Horníček 
260 |a Praha  |b Akropolis  |c 1999 
300 |a 111 s.  |c 20 cm 
650 0 7 |a poviedky české  |2 SNK  |9 294488 
999 |c 550511  |d 552441 
952 |t P60, <04>, [BOOK], {604}  |a SNK  |b SNK  |y VYP  |7 0  |p 17A0222440  |o snkID 96562  |i snkK 1188/99  |0 0  |1 0  |4 0  |d 2000-06-26  |l 0  |r 2005-01-02 00:00:00  |w 2026-02-23